书目信息 |
| 题名: |
成功心理与人才发展
|
|
| 作者: | 贺淑曼 著 | |
| 分册: | ||
| 出版信息: | 北京 世界图书出版公司 1999.10 |
|
| 页数: | 331页 | |
| 开本: | 32开 | |
| 丛书名: | ||
| 单 册: | ||
| 中图分类: | B848.4 | |
| 科图分类: | ||
| 主题词: | 个性心理学 , 人格心理学 | |
| 电子资源: | ||
| ISBN: | 7-5062-4148-X | |
| 000 | 00591nam0 2200205 45 | |
| 001 | 0010101558 | |
| 005 | 20001010153951.2 | |
| 010 | @a7-5062-4148-X@d16.00元 | |
| 100 | @a20001010d1999 km y0chiy0120 ea | |
| 101 | 0 | @achi |
| 105 | @a z 000yy | |
| 200 | 1 | @a成功心理与人才发展@ACheng Gong Xin Li Yu Ren Cai Fa Zhan@f贺淑曼等著@FHe Shu Man Deng Zhu |
| 210 | @a北京@c世界图书出版公司@d1999.10 | |
| 215 | @a331页@d32开 | |
| 606 | 0 | @a个性心理学 |
| 606 | 0 | @a人格心理学 |
| 690 | @aB848.4@v3 | |
| 701 | 0 | @a贺淑曼@4著 |
| 801 | @aCN@bPftUser@c20001010 | |
| 905 | @b174450-451@dB848.4@eH513@f2 | |
| 成功心理与人才发展/贺淑曼等著.-北京:世界图书出版公司,1999.10 |
| 331页;32开 |
| ISBN 7-5062-4148-X:16.00元 |
| ● |
| 相关链接 |
|
|
|
正题名:成功心理与人才发展
索取号:B848.4/H513
 
预约/预借
| 序号 | 登录号 | 条形码 | 馆藏地/架位号 | 状态 | 备注 |
| 1 | 174450 | 201744504 | 社科库509/509社科库 43排4列3层/ [索取号:B848.4/H513] | 在馆 | |
| 2 | 174451 | 201744513 | 社科库509/509社科库 43排4列3层/ [索取号:B848.4/H513] | 在馆 |